|
|
|
|
| LEADER |
00000nab a2200000 a 4500 |
| 001 |
vtls000787757 |
| 003 |
SK-MaSNL |
| 005 |
20260304121437.0 |
| 008 |
250429c2001 xo 0 slo |
| 015 |
|
|
|a SNBRB2002/04-11562
|
| 035 |
|
|
|a CLN000139412
|
| 035 |
|
|
|a urn:nbn:sk:snk-abagoj
|
| 035 |
|
|
|a (urnnbn)urn:nbn:sk:snk:ar-007oxe
|
| 035 |
|
|
|a (uuid)b3ea1618-62ca-4933-87f5-366112fc60a3
|
| 040 |
|
|
|a SNKBUCL
|b slo
|c SNKBUCL
|e AACR2
|
| 041 |
0 |
|
|a slo
|
| 044 |
|
|
|a xo
|c SK
|
| 080 |
|
|
|a 616.5-002.4
|2 1997
|
| 100 |
1 |
|
|a Szép, Zoltán,
|d 1973-
|4 aut
|9 208311
|
| 245 |
1 |
0 |
|a Acrodermatitis continua aupprativa (Hallopeau)
|c Z. Szép, K. Kolibášová
|
| 300 |
|
|
|b Obr.
|
| 650 |
0 |
7 |
|a akrodermatitída Hallopeauova
|2 snkbucl
|9 1426345
|
| 655 |
|
7 |
|a články z novín a časopisov
|2 snkbucl
|9 267496
|
| 700 |
1 |
|
|a Kolibášová, Klaudia,
|d 1944-
|4 aut
|9 208310
|
| 773 |
0 |
|
|t Česko-slovenská dermatologie
|g Roč. 76, č. 1 (2001), s. 49
|x 0009-0514
|
| 850 |
|
|
|a Slovenská národná knižnica
|
| 852 |
|
|
|a Slovenská národná knižnica
|
| 954 |
|
|
|a odborná, vedecká literatúra pôvodná (slovenská)
|2 lita
|
| 958 |
|
|
|a article14
|
| 958 |
|
|
|a MI
|
| 958 |
|
|
|a OND
|
| 958 |
|
|
|a EUIPO
|
| 999 |
|
|
|c 2885113
|d 2887043
|